Wood - Taylor Swift (All Lyrics) - Statistics

General Stats
  • This quiz has been taken 358 times
  • The average score is 270 of 313
Answer Stats
Lyrics % Correct
I
100%
me
100%
me,
100%
a
99%
A
99%
love
97%
on
97%
the
97%
The
97%
to
97%
To
97%
was
97%
wood
97%
And
96%
and
96%
He
96%
he
96%
it
96%
knock
96%
ain't
95%
got
95%
my
95%
see
95%
that
95%
hard
94%
opened
93%
key
92%
His
91%
thighs
90%
eyes
89%
you
89%
(Ah)
88%
all
87%
All
87%
cat
87%
gotta
87%
is
87%
tree,
87%
in
86%
It's
86%
it's
86%
not,
86%
not
86%
Redwood
86%
be
85%
loves
85%
by
84%
good
84%
of
84%
Never
83%
know
82%
rock
82%
don't
81%
your
81%
been
80%
black
80%
did
80%
I've
80%
star
80%
way
80%
any
79%
baby,
79%
need
79%
Daisy's
78%
little
78%
naked,
78%
bare
76%
cocky
76%
sounds
76%
we
76%
wishing
76%
Forgive
75%
falling
74%
forever
74%
magic
74%
make
74%
superstitious
74%
(Superstitious)
74%
bouquet,
73%
catch
73%
laughed
73%
New
73%
(New
73%
our
73%
own
73%
then
73%
wand
73%
dancing
72%
crack
71%
dark
71%
stepped
71%
manhood
70%
(Manhood)
70%
I'll
69%
luck
69%
curse
68%
distraught
68%
Heights
67%
Heights)
67%
mine
66%
understood
66%
Seems
65%
admit
64%
bitchin',
64%
ah-matized
63%
Girls,
63%
hand
63%
took
63%
back
62%
broken
61%
him
60%
over
59%
Penny's
58%
put
58%
bad
56%
until
56%
unlucky,
54%
crossed
53%
Fingers
53%
sign
52%
mm
45%
No matching quizzes found
Score Distribution
Percent of People with Each Score
Percentile by Number Answered
Your Score History
You have not taken this quiz